| 000 | 00618cam a22002053a 4500 | ||
|---|---|---|---|
| 001 | 43808 | ||
| 003 | PGUSA | ||
| 005 | 20140828084009.0 | ||
| 008 | 130924s2013||||xxu|||||s|||||000 | eng d | ||
| 040 |
_aPGUSA _beng |
||
| 042 | _adc | ||
| 100 | 1 | _aFoster, Edith Francis | |
| 245 | 1 | 0 |
_aMary's Little Lamb : _bA Picture Guessing Story for Little Children _h[electronic resource] / _cEdith Francis Foster |
| 260 |
_bProject Gutenberg, _c2013 |
||
| 506 | _aPublic domain in the USA. | ||
| 516 | _aElectronic text | ||
| 830 | 0 |
_aProject Gutenberg _v43808 |
|
| 856 | 4 | 0 | _uhttp://www.gutenberg.org/ebooks/43808 |
| 942 | _cEB | ||
| 999 |
_c273059 _d273059 |
||